Music Quiz

Random Music or Grab Bag Quiz

Lost for Words: Musicians Quiz Stats

 Plays Quiz Updated Jun 15, 2018

Score 0/20 Timer 04:00
2 Plays Today
Question Answer Wrong Answers
Kiss Kiss
98%
Heart
0.7%
Poison
1.2%
Bruno Mars Mars
92.9%
Saturn
2.9%
Earth
1%
Seal Seal
90.8%
Lion
2.6%
Falcon
2.6%
The Doors Doors
86.8%
Rainbow
3.6%
Queen
8.1%
Red Hot Chili Peppers Chili Peppers
85.6%
Smashing Pumpkins
9.1%
The Jam
2.1%
Cranberries Cranberries
84.2%
Black-Eyed Peas
7.7%
Cake
4.6%
The Monkees Monkeys
84%
Turtles
3.3%
Beetles
10.6%
Taylor Swift Swift
82.3%
Robin
8.8%
Crow
5.6%
Aretha Franklin Franklin
82.1%
Jackson
8%
Grant
6.4%
Oasis Oasis
79.9%
Police
8.9%
Train
8.5%
John Denver Denver
79.1%
Phoenix
9.8%
Dallas
9.1%
Eagles Eagles
78.7%
Scorpions
9.4%
White Snake
11.3%
Chuck Berry Berry
78.5%
Lemon
12.5%
Apple
6.4%
Ice Cube Ice Cubes
73.2%
50 Cents
8.5%
Iced Tea
15.7%
Hole Hole
72%
Veruca Salt
10.4%
Garbage
14.4%
Barry White White
71.9%
Green
16%
Black
10.9%
Donna Summer Summer
71.9%
Autumn
12.8%
Winter
10.9%
Slipknot Slipknot
60.7%
Korn (Corn)
29.4%
Tool
5.4%
Boston Boston
35.7%
Chicago
22.2%
Kansas
38.3%
Mastodon Mastodon
34.3%
T-Rex
26.5%
Sabretooth
35%

You're not logged in!

Compare scores with friends on all Sporcle quizzes.
OR
Log In

Sporcle TV

Today on Sporcle TV


Watch our educational content, quiz creation guides, and fun videos on Sporcle TV.

Show Comments

Extras

Top Quizzes Today


Score Distribution

Your Account Isn't Verified!

In order to create a playlist on Sporcle, you need to verify the email address you used during registration. Go to your Sporcle Settings to finish the process.

Report this User

Report this user for behavior that violates our Community Guidelines.

Details: